000 00918cam a2200265 a 4500
001 000012228
003 DO-SdBNP
005 20251027143727.0
008 850624s1984 ve a b 001 0 spa
040 _aDO-SdBNP
_bspa
_cLC
_dBNPHU
049 _aBNGR
082 _a381.0987
_bP227v
100 1 _aParedes Huggins, Nelsón.
_928865
245 1 0 _aVialidad y comercio en el occidente venezolano :
_bprincipios del siglo XX /
_cNelsón Paredes Huggins ; prólogo de Germán Carrera Damas.
260 _aCaracas :
_bTropykos,
_c1984.
300 _a206 p. :
_bil. ;
_c22 cm.
490 1 _aEstudios Venezolanos
504 _aBibliografía: p. 191-198.
650 4 _aTransporte
_zVenezuela
_xHistoria
_928867
651 0 _aVenezuela
_xComercio
_xHistoria
_926230
700 1 _aCarrera Damas, Germán,
_epról.
_920328
830 0 _aEstudios Venezolanos
_916188
910 _aCatalogación por copia/LC
942 _2ddc
_cLBS1
999 _c11890
_d11890